书目信息 |
| 题名: |
政治经济学新论
|
|
| 作者: | 高民杰 , 张少军 主编 | |
| 分册: | ||
| 出版信息: | 北京 中国经济出版社 1994.6 |
|
| 页数: | 300页 | |
| 开本: | 20cm | |
| 丛书名: | ||
| 单 册: | ||
| 中图分类: | F0 | |
| 科图分类: | ||
| 主题词: | 政治经济学 | |
| 电子资源: | ||
| ISBN: | 7-5017-3325-2 | |
| 000 | 00593nam0 2200205 45 | |
| 001 | 0404230830 | |
| 005 | 20040423081218.6 | |
| 010 | @a7-5017-3325-2@dCNY6.80 | |
| 100 | @a20040423d1994 km y0chiy0120 ea | |
| 101 | 0 | @achi |
| 105 | @a z 000yy | |
| 200 | 1 | @a政治经济学新论@AZheng Zhi Jing Ji Xue Xin Lun@f高民杰,张少军主编@FGao Min Jie,Zhang Shao Jun Zhu Bian |
| 210 | @a北京@c中国经济出版社@d1994.6 | |
| 215 | @a300页@d20cm | |
| 606 | 0 | @a政治经济学 |
| 690 | @aF0@v3 | |
| 701 | 0 | @a高民杰@4主编 |
| 701 | 0 | @a张少军@4主编 |
| 801 | @aCN@bTSTCL@c20040423 | |
| 905 | @f4@b263322-325@dF0@e137 | |
| 政治经济学新论/高民杰,张少军主编.-北京:中国经济出版社,1994.6 |
| 300页;20cm |
| ISBN 7-5017-3325-2:CNY6.80 |
| ● |
| 相关链接 |
|
|
|
|
正题名:政治经济学新论
索取号:F0/137
 
预约/预借
| 序号 | 登录号 | 条形码 | 馆藏地/架位号 | 状态 | 备注 |
| 1 | 0263321 | 001268755 | 第一样本阅览室/ [索取号:F0/137] | 在馆 | |
| 2 | 0263322 | 001268764 | 第一借阅区/ [索取号:F0/137] | 在馆 | |
| 3 | 0263323 | 001268773 | 第一借阅区/ [索取号:F0/137] | 在馆 | |
| 4 | 0263324 | 001268746 | 密集书库/ [索取号:F0/137] | 在馆 | |
| 5 | 0263325 | 001268782 | 密集书库/ [索取号:F0/137] | 在馆 |